Farmári bojujú o dôstojnú existenciu

Poľnohospodárstvo je jednou z najťažších kapitol v predvstupových rokovaniach s EÚ pre Poľsko i Slovensko. Problém potravinovej bezpečnosti. Boj o existenciu farmárov. Cena rozšírenia pre EÚ.

Salvato in:
Dettagli Bibliografici
Autore principale: Blazseková, Slávka
Natura: Capitolo di libro
Lingua:slovacco
Soggetti:
Tags: Aggiungi Tag
Nessun Tag, puoi essere il primo ad aggiungerne!!

MARC

LEADER 00000naa a2200000 4500
001 r046826
005 20230908084257.8
041 0 |a slo 
044 |a SK 
245 1 0 |a Farmári bojujú o dôstojnú existenciu  |c Slávka Blazseková 
520 |a Poľnohospodárstvo je jednou z najťažších kapitol v predvstupových rokovaniach s EÚ pre Poľsko i Slovensko. Problém potravinovej bezpečnosti. Boj o existenciu farmárov. Cena rozšírenia pre EÚ. 
610 2 0 |a integrácia ekonomická medzinárodná 
610 2 0 |a poľnohospodárstvo 
610 2 0 |a bezpečnosť potravinová 
610 2 0 |a Poľsko 
610 2 0 |a Slovensko 
610 2 0 |a Európska únia 
100 1 |a Blazseková, Slávka